GMMTV Mascot Quiz - Statistics

General Stats
  • This quiz has been taken 136 times
  • The average score is 13 of 16
Answer Stats
Picture Answer % Correct
Tomafox
90%
Avocean
89%
Polcasan
89%
Jaidee
88%
Permpoon
88%
Wesley
87%
Jummo
85%
Any
84%
Domiia
84%
Paody
81%
Ceri
79%
Muvmuv
78%
Mr. Saturnworld
76%
Momo
73%
Look Khunnoo
70%
Nong nooong
66%
No matching quizzes found
Score Distribution
Percent of People with Each Score
Percentile by Number Answered
Your Score History
You have not taken this quiz